00421nam a2200157Ia 45000010006000000050017000060080041000230410008000640820016000721000034000882450088001222600009002103000028002196500008002476540008002551869620260306171649.0260306s9999||||xx |||||||||||||| ||und|| aESP a658.5bA57A aAnaya Tejero, Julio JuaneAUT 0aEl diagnóstico logístico:buna metodología para promover mejoras competitivas c2014 a222 páginas :c24 cm. aGEN aCAN